000 03029cam a2200469 4500500
005 20251228075733.0
041 _afre
042 _adc
100 1 0 _aLe Meur, Véronique
_eauthor
700 1 0 _aJoubin, Dominique
_eauthor
700 1 0 _aAyrault, Marie-Claire
_eauthor
700 1 0 _aGarcia-Orad, Ignacio
_eauthor
700 1 0 _aMolko, Marc
_eauthor
700 1 0 _aDuval, Denis
_eauthor
245 0 0 _aPsychose – familles – institution de l'enchevêtrement vers la désintrication
260 _c2009.
500 _a21
520 _aCet écrit résume l’atelier que nous avons présenté aux Journées de Lyon et illustre comment nous envisageons l’approche systémique dans le cadre d’un hôpital de jour pour adulte. L’originalité tient à la place faite à la famille et au contexte du patient désigné. La thérapie familiale est le cadre d’articulation de la clinique pouvant amener à la proposition de participation au groupe d’accueil et, éventuellement, à un atelier. Nous nous intéressons plus particulièrement aux phénomènes d’isomorphisme entre la famille et l’institution.
520 _aPsychosis – Families – Institution. Tangle towards disentanglement. This writing illustrates how can be considered the systemic approach in the framework of a day hospital for adults. The originality wishes to the prominence given to the family and the context of the designated patient . Family Therapy is the framework of articulation of the clinic that may lead to the proposal of participation in the «group of home» and, possibly, a workshop. We are interested more particularly to phenomena of isomorphism between the family and the institution.
520 _aSicosis - Familias - Institución. Del enredo hacia la carmenadura. Este artículo ilustra nuestra manera de aplicar la teoria sistémica al marco de un hospital de dia para adultos. Nuestra originalidad viene del hecho que hospitalizamos al paciente con su familia o su contexto proximo. Las consultas familiares sirven de articulación de la clínica con proposiciones como el grupo o eventualmente los talleres. Nos interesamos especialmente en los fenomenos de isomorfismo entre la familia y la institución.
690 _aDésintrication
690 _aEnchevêtrement
690 _aGroupe d'accueil
690 _aHôpital de jour
690 _aIsomorphisme
690 _aPsychose
690 _aThéra- pie corporelle
690 _aThérapie familiale
690 _aThérapies à médiation plastique
690 _a«Group of home»
690 _aBody Therapy
690 _aDay Hospital
690 _aDisentanglement
690 _aEntanglement
690 _aFamily
690 _aFamily Therapy
690 _aIsomorphism
690 _aPlastic mediations Therapy
690 _aPsychosis
786 0 _nThérapie Familiale | 29 | 4 | 2009-01-06 | p. 459-475 | 0250-4952
856 4 1 _uhttps://shs.cairn.info/revue-therapie-familiale-2008-4-page-459?lang=fr&redirect-ssocas=7080
999 _c1598167
_d1598167